000 00856nam a22001457a 4500
999 _c525045
_d525045
008 240207b ||||| |||| 00| 0 eng d
100 _aPalakurthi, Krishna
_948434
245 _aCyber security challenges in the ERA of AI
260 _aYojana
300 _a68(2), Feb, 2024: p.57-58
520 _aAs India, a rapidly growing digital economy embraces AI, it faces unique vulnerabilities and requires a proactive approach to address emerging cyber threats. Integrating AI responsibly into cyber security solutions a can be a game-changer. The government, private sector, academic and civil society must come together to build a robust cyber security costumes, promote responsible AI development and empower individuals to navigate the digital world safely. – Reproduced
773 _aYojana
906 _aARTIFICIAL INTELLIGENCE
942 _cAR